[Event "Challenge"]
[Site "http://www.queenalice.com/game.php?id=253879"]
[Date "2007.8.10"]
[Round "-"]
[White "Lakme47"]
[Black "simon_p"]
[Result "0-1"]
[WhiteElo "1284"]
[BlackElo "1367"]

1. e4 e5 2. Nf3 Nc6 3. Bc4 Nf6 4. Nc3 d6 5. Ng5 d5 6. exd5 Na5 7. Bb5+ Bd7 8.
Qe2 Qe7 9. O-O b6 10. b4 Nb7 11. Ba3 O-O-O 12. Ba6 Kb8 13. Qc4 Nd6 14. Qe2 h6
15. Nge4 Nfxe4 16. Nxe4 f5 17. Nc5 Bc8 18. Rab1 Bb7 19. Ne6 Re8 20. Qxe5 Bxa6
21. b5 Bc8 22. c4 Bxe6 23. dxe6 Qxe6 24. Qf4 Nxc4 25. Bxf8 Rhxf8 26. Rbe1 Qxe1
27. Rxe1 Rxe1# 0-1

[Event "Challenge"]
[Site "http://www.queenalice.com/game.php?id=253881"]
[Date "2007.8.10"]
[Round "-"]
[White "Lakme47"]
[Black "natasha"]
[Result "0-1"]
[WhiteElo "1263"]
[BlackElo "1760"]

1. e4 c5 2. Bc4 g6 3. Qf3 e6 4. Qf4 Bg7 5. Nf3 Ne7 6. Ng5 O-O 7. Qh4 h6 8. Nf3
Nec6 9. Qh3 d5 10. d3 e5 11. Qg3 dxc4 12. dxc4 Nb4 13. Na3 Qa5 14. c3 Nd3+ 15.
Kd1 Rd8 16. Bd2 Nxb2+ 17. Kc1 Qxa3 18. Bxh6 Qxc3+ 19. Kb1 Nxc4 20. Bxg7 Qb2# 0-1

[Event "AUTO-OPEN-781"]
[Site "http://www.queenalice.com/game.php?id=254195"]
[Date "2007.8.11"]
[Round "1"]
[White "Spike"]
[Black "Lakme47"]
[Result "1-0"]
[WhiteElo "2114"]
[BlackElo "1263"]

1. e4 e5 2. Nf3 Nc6 3. d4 exd4 4. Nxd4 Nxd4 5. Qxd4 d6 6. Nc3 c5 7. Qd5 Nf6 8.
Bb5+ Bd7 9. Qxb7 h6 10. Nd5 Nxd5 11. Bxd7+ Qxd7 12. Qxa8+ Qd8 13. Qc6+ Qd7 14.
Qxd5 Qe6 15. Qxe6+ Be7 16. Qc8+ Bd8 17. Qc6+ Kf8 18. Qxd6+ Be7 19. Qb8+ Bd8 20.
Qxd8# 1-0

[Event "AUTO-OPEN-781"]
[Site "http://www.queenalice.com/game.php?id=254196"]
[Date "2007.8.11"]
[Round "1"]
[White "Lakme47"]
[Black "Spike"]
[Result "0-1"]
[WhiteElo "1311"]
[BlackElo "2112"]

1. e4 e6 2. d4 d5 3. exd5 exd5 4. Nc3 c6 5. Nf3 Bd6 6. Qe2+ Ne7 7. Ne5 f6 8. Ng4
O-O 9. Qf3 Nf5 10. Qd1 Re8+ 11. Ne2 Qc7 12. g3 b6 13. Bg2 Ba6 14. Bf3 Nd7 15.
O-O Bxe2 16. Bxe2 Ne7 17. Qd3 f5 18. Ne3 f4 19. Bh5 g6 20. Bxg6 hxg6 21. gxf4
Bxf4 22. Ng4 Kg7 23. Bxf4 Qxf4 24. Rae1 Qxg4+ 25. Kh1 Nf5 0-1

[Event "AUTO-OPEN-781"]
[Site "http://www.queenalice.com/game.php?id=254221"]
[Date "2007.8.11"]
[Round "1"]
[White "Lakme47"]
[Black "tayron"]
[Result "0-1"]
[WhiteElo "1231"]
[BlackElo "1563"]

1. e4 c5 2. Bc4 Nc6 3. Qh5 e6 4. Nf3 Nf6 5. Qh3 Be7 6. O-O Nxe4 7. Qg4 Ng5 8.
Nxg5 Bxg5 9. d3 Bxc1 10. Rxc1 d5 0-1

[Event "Let's Play Chess!"]
[Site "http://www.queenalice.com/game.php?id=257522"]
[Date "2007.8.18"]
[Round "-"]
[White "Lakme47"]
[Black "doran"]
[Result "0-1"]
[WhiteElo "1288"]
[BlackElo "1693"]

1. e4 g6 2. d3 Bg7 3. d4 d6 4. Bc4 Nf6 5. Bxf7+ Kxf7 6. e5 dxe5 7. dxe5 Qxd1+ 8.
Kxd1 Ng4 9. Nh3 Nxe5 10. Re1 Bxh3 11. gxh3 Nf3 12. Rh1 Nc6 13. Bf4 Bxb2 14. Ke2
Nfd4+ 15. Kd3 Ne6 16. Nd2 Bxa1 17. Bxc7 Be5 18. Bxe5 Nxe5+ 19. Ke4 Rad8 20. Nf3
Nxf3 21. Kxf3 Rd2 22. Rb1 b6 23. Ke3 Rhd8 24. Rg1 Rxc2 25. Rg3 Rc3+ 26. Ke2 Rxg3
27. hxg3 b5 28. Ke3 b4 29. Ke4 a5 30. Ke5 a4 31. f4 b3 32. axb3 axb3 33. g4 b2
34. f5 gxf5 35. gxf5 Nc5 36. h4 b1=Q 37. h5 Qe4# 0-1

[Event "Let's Play Chess!"]
[Site "http://www.queenalice.com/game.php?id=257535"]
[Date "2007.8.18"]
[Round "-"]
[White "Lakme47"]
[Black "doran"]
[Result "0-1"]
[WhiteElo "1311"]
[BlackElo "1862"]

1. e4 g6 2. Bc4 Bg7 3. d4 e6 4. e5 Ne7 5. Nf3 O-O 6. Ng5 d5 7. Qf3 dxc4 8. Qh3
h6 9. Ne4 Qxd4 10. Bxh6 Qxe4+ 11. Be3 Qxe5 12. O-O Qf5 13. Qh4 Qf6 14. Bg5 Nf5
15. Qf4 Qxb2 16. Nd2 Qe5 17. Qxc4 Nd6 18. Qg4 Nc6 19. Rfe1 Qf5 20. Qh4 e5 21.
Re3 Qg4 22. Qxg4 Bxg4 23. h3 Be6 24. Ne4 Nxe4 25. Rxe4 Bf5 26. Re3 Bxc2 27. Rc1
Bf5 28. Rf3 Nd4 29. Be7 Ne2+ 30. Kf1 Nxc1 31. Bxf8 Kxf8 32. Rc3 Nxa2 33. Rxc7 b5
34. Ke2 Bh6 35. g4 Be6 0-1

[Event "AUTO-OPEN-791"]
[Site "http://www.queenalice.com/game.php?id=257661"]
[Date "2007.8.18"]
[Round "1"]
[White "dequeue"]
[Black "Lakme47"]
[Result "1-0"]
[WhiteElo "1752"]
[BlackElo "1211"]

1. c4 e5 2. Nc3 Nf6 3. b3 d5 4. cxd5 Nxd5 5. Bb2 Nc6 6. g3 Bf5 7. Bg2 Ndb4 8. d3
Nd4 9. Kf1 Rb8 10. e4 Bg6 11. Bf3 Nxf3 12. Nxf3 Bh5 13. Ke2 Qf6 14. Nd5 Qxf3+
15. Kd2 1-0

[Event "AUTO-OPEN-791"]
[Site "http://www.queenalice.com/game.php?id=257662"]
[Date "2007.8.18"]
[Round "1"]
[White "Lakme47"]
[Black "dequeue"]
[Result "0-1"]
[WhiteElo "1213"]
[BlackElo "1750"]

1. e4 d5 2. e5 Bf5 3. d4 c5 4. dxc5 e6 5. Bb5+ Nc6 6. Nf3 a6 7. Bd3 Qa5+ 8. Bd2
Qxc5 9. O-O Qb6 10. b3 Bg4 11. c4 Nxe5 12. Be2 Bd6 13. Nxe5 Bxe5 0-1

[Event "AUTO-OPEN-791"]
[Site "http://www.queenalice.com/game.php?id=257677"]
[Date "2007.8.18"]
[Round "1"]
[White "adilson_camargo"]
[Black "Lakme47"]
[Result "1-0"]
[WhiteElo "1812"]
[BlackElo "1307"]

1. d4 d5 2. c4 dxc4 3. Nc3 Nf6 4. e4 Nc6 5. d5 Nb4 6. Qa4+ Nc6 7. dxc6 Bg4 8.
cxb7+ Bd7 9. Qxc4 Rb8 10. Qa6 e5 11. Qxa7 1-0

[Event "AUTO-OPEN-791"]
[Site "http://www.queenalice.com/game.php?id=257678"]
[Date "2007.8.18"]
[Round "1"]
[White "Lakme47"]
[Black "adilson_camargo"]
[Result "0-1"]
[WhiteElo "1309"]
[BlackElo "1810"]

1. e4 e5 2. Nf3 d6 3. d4 exd4 4. Qxd4 Nc6 5. Qd5 Be6 6. Qb5 Rb8 7. Bc4 Bxc4 8.
Qxc4 h6 9. O-O Nf6 10. Re1 Be7 0-1

[Event "Let's Play Chess!"]
[Site "http://www.queenalice.com/game.php?id=258007"]
[Date "2007.8.19"]
[Round "-"]
[White "Lakme47"]
[Black "alterego"]
[Result "0-1"]
[WhiteElo "1209"]
[BlackElo "1580"]

1. e4 c5 2. Bc4 e6 3. Nf3 Nf6 4. O-O d5 5. exd5 Nxd5 6. Re1 Nf4 7. d4 Qf6 8.
dxc5 Bxc5 9. Bb5+ Bd7 10. Bxf4 Qxf4 11. Nc3 O-O 12. Bxd7 Rd8 0-1

[Event "Challenge"]
[Site "http://www.queenalice.com/game.php?id=258025"]
[Date "2007.8.19"]
[Round "-"]
[White "Lakme47"]
[Black "simon_p"]
[Result "0-1"]
[WhiteElo "1226"]
[BlackElo "1683"]

1. e4 c5 2. d4 cxd4 3. Qxd4 Nc6 4. Qe3 g6 5. e5 Qa5+ 6. Nc3 Qxe5 7. Qxe5 Nxe5 8.
Nf3 Nxf3+ 9. gxf3 d6 10. Nd5 Kd8 11. Bd2 Bg7 12. Rb1 Be6 13. Nf4 Bf5 14. Rc1 e6
15. Bb4 Bxb2 16. Rd1 Be5 0-1

[Event "AUTO-BEG-130"]
[Site "http://www.queenalice.com/game.php?id=258669"]
[Date "2007.8.20"]
[Round "1"]
[White "sephiroth"]
[Black "Lakme47"]
[Result "1-0"]
[WhiteElo "1400"]
[BlackElo "1226"]

1. e4 e5 2. a4 Nc6 3. b3 Nf6 4. Nc3 d5 5. Qf3 dxe4 6. Nxe4 Nxe4 7. Qxe4 Bd6 8.
Bb5 Bb4 9. Bxc6+ bxc6 10. Qxc6+ Bd7 11. Qc4 1-0